All Middle-Earth Movies - Statistics

General Stats
  • This quiz has been taken 154 times
    90 since last reset
  • The average score is 9 of 11
Answer Stats
Year Movie % Correct
2001 The Lord of the Rings: The Fellowship of the Ring
99%
2012 The Hobbit: An Unexpected Journey
98%
2003 The Lord of the Rings: Return of the King
94%
2002 The Lord of the Rings: The Two Towers
94%
1977 The Hobbit
93%
1980 The Return of the King
93%
2027 The Lord of the Rings: The Hunt For Gollum
78%
2024 The Lord of the Rings: The War of the Rohirrim
76%
2013 The Hobbit: The Desolation of Smaug
75%
2014 The Hobbit: The Battle of the Five Armies
73%
1978 The Lord of the Rings
33%
No matching quizzes found
Score Distribution
Percent of People with Each Score
Percentile by Number Answered
Your Score History
You have not taken this quiz since the last reset